Longman dictionary of American English : Now with thesaurus

Zapisane w:
Opis bibliograficzny
Format: Książka
Język:Undetermined
Wydane: Harlow, Eng. Pearson Education 2004
Hasła przedmiotowe:
Etykiety: Dodaj etykietę
Nie ma etykietki, Dołącz pierwszą etykiete!
Thư viện lưu trữ: Trung tâm Học liệu Trường Đại học Cần Thơ
LEADER 00540nam a2200205Ia 4500
001 CTU_74552
008 210402s9999 xx 000 0 und d
020 |b 510000 
082 |a 423.19 
082 |b L848 
245 0 |a Longman dictionary of American English : 
245 0 |b Now with thesaurus 
260 |a Harlow, Eng. 
260 |b Pearson Education 
260 |c 2004 
650 |a English language 
650 |x Dictionaries 
650 |z United States 
904 |i Minh 
980 |a Trung tâm Học liệu Trường Đại học Cần Thơ